[Event "Pardubice Czech op-E 33rd"]
[Site "Pardubice"]
[Date "2022.07.16"]
[Round "5.4"]
[White "Dolensky, Milan"]
[Black "Popper, Tomas"]
[Result "1-0"]
[WhiteElo "2073"]
[BlackElo "2063"]
[PlyCount "71"]
[EventDate "2022.07.14"]
[EventType "team-swiss"]
[EventRounds "7"]
[EventCountry "CZE"]
[SourceTitle "CBM 209 Extra"]
[Source "ChessBase"]
[SourceDate "2022.09.30"]
[SourceVersion "1"]
[SourceVersionDate "2022.09.30"]
[SourceQuality "1"]
[WhiteTeam "Libstat"]
[BlackTeam "Slepa Veverka"]
[WhiteTeamCountry "CZE"]
[BlackTeamCountry "CZE"]

1. e4 e5 2. Nf3 d6 3. Bc4 Be7 4. d3 Nf6 5. c3 0-0 6. Nbd2 c6 7. Qe2 Nbd7 8. Bb3 Nc5 9. Bc2 Ne6 10. Nf1 Re8 11. h3 Bf8 12. g4 g6 13. Ng3 Nf4 14. Qf1 Qc7 15. Ne2 Ne6 16. Qg2 d5 17. 0-0 Bg7 18. Qg3 dxe4 19. dxe4 Nc5 20. Nd2 Be6 21. b4 Ncd7 22. Nd4 Nf8 23. Re1 Rac8 24. N4f3 N6d7 25. Nf1 Nb6 26. Kh2 Bc4 27. Ne3 Ne6 28. a4 Ba6 29. Bb3 Bd3 30. a5 Nd7 31. Nf5 Bf8 32. Bxe6 fxe6 33. Nh6+ Kg7 34. Bg5 Be7 35. Rad1 Bc4 36. Rxd7 1-0

[Event "Pardubice Czech op-E 31st"]
[Site "Pardubice"]
[Date "2020.09.20"]
[Round "6.4"]
[White "Kraus, Tomas"]
[Black "Popper, Tomas"]
[Result "1-0"]
[WhiteElo "2455"]
[BlackElo "2053"]
[PlyCount "71"]
[EventDate "2020.09.17"]
[EventType "team-swiss"]
[EventRounds "7"]
[EventCountry "CZE"]
[SourceTitle "CBM 198 Extra"]
[Source "ChessBase"]
[SourceDate "2020.11.30"]
[SourceVersion "1"]
[SourceVersionDate "2020.11.30"]
[SourceQuality "1"]
[WhiteTeam "Turnov Zikuda"]
[BlackTeam "Mladi Vpred"]
[WhiteTeamCountry "CZE"]
[BlackTeamCountry "CZE"]

1. d4 Nf6 2. c4 e6 3. Nc3 d5 4. cxd5 exd5 5. Bg5 Be7 6. e3 0-0 7. Bd3 b6 8. Bxf6 Bxf6 9. Qh5 g6 10. Qxd5 c6 11. Qxd8 Rxd8 12. Nf3 Na6 13. 0-0 Nb4 14. Be4 Be6 15. a3 Nd5 16. Rac1 Rac8 17. Nxd5 cxd5 18. Bd3 Rxc1 19. Rxc1 Rc8 20. Rxc8+ Bxc8 21. Bb5 Kf8 22. Ne5 Bxe5 23. dxe5 Be6 24. Kf1 Ke7 25. Ke2 Kd8 26. h4 Kc7 27. Kd3 Kd8 28. Kd4 Kc7 29. Ba4 a6 30. Bb3 Kc6 31. Ba2 a5 32. Bb3 b5 33. Ba2 a4 34. b4 axb3 35. Bxb3 h6 36. f4 1-0

[Event "CZE-chT2A 1920"]
[Site "Czech Republic"]
[Date "2020.02.09"]
[Round "8.6"]
[White "Hosticka, Frantisek"]
[Black "Popper, Tomas"]
[Result "1/2-1/2"]
[WhiteElo "2096"]
[BlackElo "2040"]
[PlyCount "110"]
[EventDate "2019.10.13"]
[EventType "team-tourn"]
[EventRounds "11"]
[EventCountry "CZE"]
[SourceTitle "EXT 2024"]
[Source "ChessBase"]
[SourceDate "2023.10.10"]
[SourceVersion "1"]
[SourceVersionDate "2023.10.10"]
[SourceQuality "1"]
[WhiteTeam "Praha Mahrla"]
[BlackTeam "Unichess Reserve"]
[WhiteTeamCountry "CZE"]
[BlackTeamCountry "CZE"]

1. e4 e5 2. Bb5 Nf6 3. Qe2 Be7 4. c3 0-0 5. Nf3 d6 6. 0-0 c6 7. Ba4 Re8 8. Rd1 Bf8 9. Bc2 Qc7 10. h3 Nbd7 11. d4 g6 12. dxe5 dxe5 13. Nbd2 Bg7 14. Nc4 Bf8 15. a4 a5 16. Nh2 Nb6 17. Nxb6 Qxb6 18. Bd3 Be6 19. Ng4 Nxg4 20. hxg4 Qd8 21. g3 Qd7 22. f3 Rad8 23. Bg5 Be7 24. Be3 Qc7 25. Qf2 c5 26. Bb5 Rxd1+ 27. Rxd1 Rf8 28. Kg2 Rd8 29. Rxd8+ Qxd8 30. Bxc5 Bxc5 31. Qxc5 Qd2+ 32. Qf2 Qc1 33. Qe2 Bb3 34. Qf2 Qa1 35. Qd2 Bxa4 36. Be2 Bb3 37. g5 Kg7 38. c4 Qb1 39. Qc3 Qc2 40. Qxe5+ Kf8 41. Kf2 a4 42. f4 Qd2 43. Qh8+ Ke7 44. Qf6+ Kf8 45. f5 Bxc4 46. Kg1 Qe1+ 47. Kh2 Qxe2+ 48. Kh3 Qf1+ 49. Kh2 Qf2+ 50. Kh1 Qe1+ 51. Kh2 Qd2+ 52. Kg1 Qd3 53. Qe5 Qe3+ 54. Kg2 Qd2+ 55. Kg1 b5 1/2-1/2

[Event "CZE-chT2A 1819"]
[Site "Czech Republic"]
[Date "2019.03.17"]
[Round "10.8"]
[White "Sedy, Pavel"]
[Black "Popper, Tomas"]
[Result "1/2-1/2"]
[WhiteElo "2116"]
[BlackElo "2025"]
[PlyCount "32"]
[EventDate "2018.10.14"]
[EventType "team-tourn"]
[EventRounds "11"]
[EventCountry "CZE"]
[SourceTitle "EXT 2022"]
[Source "ChessBase"]
[SourceDate "2021.10.06"]
[SourceVersion "1"]
[SourceVersionDate "2021.10.06"]
[SourceQuality "1"]
[WhiteTeam "Vysehrad II"]
[BlackTeam "Unichess Underground"]
[WhiteTeamCountry "CZE"]
[BlackTeamCountry "CZE"]

1. e4 e5 2. Nf3 d6 3. d4 exd4 4. Nxd4 Nf6 5. Nc3 c6 6. a4 Be7 7. Be2 0-0 8. 0-0 Re8 9. Qd3 Bf8 10. Bg5 h6 11. Bh4 Nbd7 12. f3 Ne5 13. Qd2 Ng6 14. Bf2 d5 15. exd5 Nxd5 16. Nxd5 Qxd5 1/2-1/2

[Event "CZE-chT2E 1718"]
[Site "Czech Republic"]
[Date "2017.12.03"]
[Round "4.8"]
[White "Kasik, Miroslav1111"]
[Black "Popper, Tomas"]
[Result "1/2-1/2"]
[WhiteElo "1958"]
[BlackElo "2020"]
[PlyCount "108"]
[EventDate "2017.10.15"]
[EventType "team-tourn"]
[EventRounds "11"]
[EventCountry "CZE"]
[SourceTitle "EXT 2022"]
[Source "ChessBase"]
[SourceDate "2021.10.06"]
[SourceVersion "1"]
[SourceVersionDate "2021.10.06"]
[SourceQuality "1"]
[WhiteTeam "Kromeriz Slavia II"]
[BlackTeam "Brno Moravska Slavia II"]
[WhiteTeamCountry "CZE"]
[BlackTeamCountry "CZE"]

1. e4 e5 2. Nf3 d6 3. d4 exd4 4. Nxd4 Nf6 5. Nc3 c6 6. Be2 Be7 7. 0-0 0-0 8. Be3 Re8 9. f3 Bf8 10. Qd2 d5 11. exd5 Nxd5 12. Nxd5 Qxd5 13. Bd3 Qd8 14. Rad1 Qf6 15. Rfe1 h6 16. Qf2 Nd7 17. c3 Ne5 18. Bb1 b6 19. Be4 Bd7 20. Qg3 Rac8 21. Qf4 Qxf4 22. Bxf4 g6 23. Nb3 Be6 24. Nd4 Bd7 25. Nc2 Rc7 26. Bd3 Nxd3 27. Bxc7 Nxe1 28. Rxe1 Rxe1+ 29. Nxe1 Be6 30. a3 Bc5+ 31. Kh1 Bc4 32. Bf4 h5 33. Nc2 Kf8 34. Nb4 Bd5 35. Nd3 Be7 36. Bb8 a6 37. Bc7 b5 38. Nb4 Bxb4 39. axb4 Ke8 40. Kg1 Kd7 41. Bb6 Bc4 42. Kf2 Ke6 43. Ke3 Kd5 44. h4 Bf1 45. g4 Kc4 46. Kf2 Bd3 47. Ke3 Bc2 48. Bd4 Bd1 49. gxh5 gxh5 50. Ke4 Kb3 51. f4 Bg4 52. Ke5 Be6 53. f5 Bd5 54. Kf6 Bc4 1/2-1/2

[Event "CZE-chT2B 1617"]
[Site "Czech Republic"]
[Date "2017.01.29"]
[Round "7.7"]
[White "Sedivy, Ales"]
[Black "Popper, Tomas"]
[Result "1/2-1/2"]
[WhiteElo "1914"]
[BlackElo "2016"]
[PlyCount "100"]
[EventDate "2016.10.09"]
[EventType "team-tourn"]
[EventRounds "11"]
[EventCountry "CZE"]
[SourceTitle "EXT 2022"]
[Source "ChessBase"]
[SourceDate "2021.10.06"]
[SourceVersion "1"]
[SourceVersionDate "2021.10.06"]
[SourceQuality "1"]
[WhiteTeam "Horice"]
[BlackTeam "Bartos Unichess II"]
[WhiteTeamCountry "CZE"]
[BlackTeamCountry "CZE"]

1. f4 e5 2. d3 Nc6 3. Nf3 exf4 4. Bxf4 Qf6 5. Qc1 Bc5 6. Nc3 Bb4 7. Qd2 Nge7 8. e4 d6 9. Bg5 Qe6 10. a3 Ba5 11. Be2 0-0 12. 0-0 d5 13. b4 Bb6+ 14. Kh1 dxe4 15. dxe4 Rd8 16. Bd3 f6 17. Bf4 Nd4 18. Nxd4 Bxd4 19. Rae1 c6 20. Ne2 Bb6 21. Bg3 Qf7 22. Qc3 a5 23. Nf4 Bd4 24. Qc4 b5 25. Qxf7+ Kxf7 26. Ne2 Bb6 27. e5 Nd5 28. Nf4 Nxf4 29. Rxf4 axb4 30. axb4 Rd4 31. exf6 Rxf4 32. Bxf4 gxf6 33. Rf1 Ra4 34. Be5 f5 35. Bc3 Ra3 36. Bd2 Kg7 37. h3 Bc7 38. Bf4 Bxf4 39. Rxf4 Rc3 40. Kh2 Be6 41. Kg3 Bc4 42. Rd4 Bd5 43. Kf2 Be4 44. g3 Bxd3 45. cxd3 Kf6 46. Ke3 Ke5 47. Rh4 Rb3 48. Rxh7 Rxb4 49. Rc7 Kd6 50. Rf7 Ke6 1/2-1/2

[Event "CZE-chT2B 1617"]
[Site "Czech Republic"]
[Date "2016.11.13"]
[Round "3.8"]
[White "Popper, Tomas"]
[Black "Hoke, Petr"]
[Result "0-1"]
[WhiteElo "2016"]
[BlackElo "1963"]
[PlyCount "124"]
[EventDate "2016.10.09"]
[EventType "team-tourn"]
[EventRounds "11"]
[EventCountry "CZE"]
[SourceTitle "EXT 2022"]
[Source "ChessBase"]
[SourceDate "2021.10.06"]
[SourceVersion "1"]
[SourceVersionDate "2021.10.06"]
[SourceQuality "1"]
[WhiteTeam "Bartos Unichess II"]
[BlackTeam "Litomerice"]
[WhiteTeamCountry "CZE"]
[BlackTeamCountry "CZE"]

1. Nf3 d6 2. d4 Nd7 3. d5 e5 4. dxe6 fxe6 5. e4 Nb6 6. e5 d5 7. Bd3 g6 8. Ng5 Qe7 9. c3 Nh6 10. Qc2 Nf7 11. Nxf7 Qxf7 12. Nd2 Bh6 13. Nf3 Bxc1 14. Rxc1 Qf4 15. 0-0 Bd7 16. b3 g5 17. Qd2 Ke7 18. Qe2 Raf8 19. c4 dxc4 20. Bxc4 Bc6 21. Nd2 Rd8 22. Rfd1 a6 23. Bxa6 Rd7 24. Bb5 Rhd8 25. Bxc6 Rxd2 26. Rxd2 Rxd2 27. Qh5 bxc6 28. Rf1 Rxa2 29. Qxh7+ Kd8 30. Qg8+ Kd7 31. Qg7+ Kc8 32. Qg8+ Kb7 33. Qxe6 Re2 34. g3 Qe4 35. Rc1 Re1+ 36. Rxe1 Qxe1+ 37. Kg2 Qe4+ 38. Kg1 Nd5 39. h3 Kb6 40. Qe8 Kb7 41. Qe6 Qf3 42. Qg6 Qxb3 43. Qxg5 Qb1+ 44. Kg2 Qc2 45. Kg1 c5 46. Qg4 c4 47. e6 Qd3 48. Qg7 Qe4 49. Qd7 Kb6 50. Qa4 Qb1+ 51. Kg2 Qb5 52. Qa8 c3 53. e7 Nxe7 54. Qb8+ Kc6 55. Qe8+ Kb6 56. Qxe7 Qc6+ 57. Kh2 c2 58. Qb4+ Qb5 59. Qd4+ Qc5 60. Qb2+ Kc6 61. Qf6+ Kd5 62. Qg5+ Kc4 0-1

[Event "CZE-chT2B 1516"]
[Site "Czech Republic"]
[Date "2016.04.17"]
[Round "11.2"]
[White "Toman, Ondrej"]
[Black "Popper, Tomas"]
[Result "1-0"]
[WhiteElo "2198"]
[BlackElo "2034"]
[PlyCount "89"]
[EventDate "2015.10.18"]
[EventType "team-tourn"]
[EventRounds "11"]
[EventCountry "CZE"]
[SourceTitle "EXT 2022"]
[Source "ChessBase"]
[SourceDate "2021.10.06"]
[SourceVersion "1"]
[SourceVersionDate "2021.10.06"]
[SourceQuality "1"]
[WhiteTeam "Teplice"]
[BlackTeam "Unichess II"]
[WhiteTeamCountry "CZE"]
[BlackTeamCountry "CZE"]

1. e4 e5 2. Nf3 d6 3. d4 exd4 4. Nxd4 Nf6 5. Nc3 c6 6. a4 Be7 7. Bc4 0-0 8. Bb3 Re8 9. 0-0 Bf8 10. Bg5 Nbd7 11. h3 Nc5 12. Qf3 Nxb3 13. Nxb3 h6 14. Bh4 Be7 15. Rfe1 Nd7 16. Bxe7 Qxe7 17. Qg3 Ne5 18. Nd2 Qg5 19. Qe3 Qxe3 20. Rxe3 f5 21. Rae1 f4 22. R3e2 f3 23. Nxf3 Nxf3+ 24. gxf3 Bxh3 25. Rd1 Re6 26. Kh2 Bf5 27. exf5 Rxe2 28. Nxe2 d5 29. Kg3 Re8 30. Nf4 Re5 31. Kg4 Kf7 32. Rg1 d4 33. Ne6 g6 34. Nxd4 gxf5+ 35. Kf4 Rd5 36. Nxf5 Rd2 37. Nxh6+ Ke6 38. Re1+ Kd7 39. Nf5 Rxc2 40. Re7+ Kd8 41. Rxb7 Rc4+ 42. Ke5 Rxa4 43. Nd6 Rh4 44. f4 Rh1 45. f5 1-0

[Event "CZE-chT2B 1516"]
[Site "Czech Republic"]
[Date "2016.01.24"]
[Round "6.3"]
[White "Popper, Tomas"]
[Black "Vagner, Tomas"]
[Result "1/2-1/2"]
[WhiteElo "2034"]
[BlackElo "2208"]
[PlyCount "42"]
[EventDate "2015.10.18"]
[EventType "team-tourn"]
[EventRounds "11"]
[EventCountry "CZE"]
[SourceTitle "EXT 2022"]
[Source "ChessBase"]
[SourceDate "2021.10.06"]
[SourceVersion "1"]
[SourceVersionDate "2021.10.06"]
[SourceQuality "1"]
[WhiteTeam "Unichess II"]
[BlackTeam "Most Chess"]
[WhiteTeamCountry "CZE"]
[BlackTeamCountry "CZE"]

1. b4 Nf6 2. Bb2 e6 3. a3 d5 4. e3 c5 5. bxc5 Bxc5 6. Nf3 Nc6 7. d4 Bd6 8. Nbd2 0-0 9. c4 Ne4 10. cxd5 exd5 11. g3 Qa5 12. Bg2 Bg4 13. 0-0 Rac8 14. Nb3 Qb6 15. Rb1 Ng5 16. Nbd2 Rfe8 17. Bc3 Qa6 18. Qb3 Nh3+ 19. Kh1 Qe2 20. Rbe1 Qd3 21. Bb2 Qxb3 1/2-1/2

[Event "Brno op"]
[Site "Brno"]
[Date "2015.08.30"]
[Round "9"]
[White "Kozusek, Daniel"]
[Black "Popper, Tomas"]
[Result "1-0"]
[WhiteElo "2347"]
[BlackElo "2034"]
[PlyCount "72"]
[EventDate "2015.08.23"]
[EventType "swiss"]
[EventRounds "9"]
[EventCountry "CZE"]
[SourceTitle "EXT 2016"]
[Source "ChessBase"]
[SourceDate "2015.10.08"]
[SourceVersion "1"]
[SourceVersionDate "2015.10.08"]
[SourceQuality "1"]

1. d4 Nf6 2. g3 g6 3. Bg2 Bg7 4. e4 d6 5. Ne2 Nbd7 6. 0-0 e5 7. Nbc3 0-0 8. h3 Re8 9. Re1 c6 10. a4 Nf8 11. Be3 Qc7 12. Qd2 Bd7 13. Rad1 Rad8 14. f4 Nh5 15. f5 exd4 16. Bxd4 Bxd4+ 17. Qxd4 Ng7 18. g4 Bc8 19. Qxa7 Nd7 20. Qf2 Ne5 21. Nf4 g5 22. Nd3 f6 23. Nxe5 Rxe5 24. Bf1 h5 25. Bc4+ Kf8 26. h4 hxg4 27. hxg5 fxg5 28. Qh2 d5 29. Bb3 Ne8 30. Qh8+ Kf7 31. Qh6 Qd6 32. Qh7+ Kf8 33. Qh8+ Kf7 34. Nxd5 cxd5 35. Rxd5 Qb6+ 36. Rd4+ Qxb3 1-0

[Event "Brno op"]
[Site "Brno"]
[Date "2015.08.29"]
[Round "8"]
[White "Popper, Tomas"]
[Black "Glozar, Petr"]
[Result "1-0"]
[WhiteElo "2034"]
[BlackElo "1588"]
[PlyCount "137"]
[EventDate "2015.08.23"]
[EventType "swiss"]
[EventRounds "9"]
[EventCountry "CZE"]
[SourceTitle "EXT 2016"]
[Source "ChessBase"]
[SourceDate "2015.10.08"]
[SourceVersion "1"]
[SourceVersionDate "2015.10.08"]
[SourceQuality "1"]

1. b4 Nf6 2. Bb2 d5 3. Nf3 Bg4 4. e3 e6 5. a3 Nbd7 6. Be2 Bxf3 7. Bxf3 c6 8. 0-0 Bd6 9. d4 Nb6 10. Nd2 Na4 11. Qc1 Nd7 12. c4 b5 13. cxb5 cxb5 14. Nb3 Rc8 15. Nc5 Ndb6 16. Rb1 Qh4 17. g3 Qh3 18. Bg2 Qg4 19. Qd1 Qg5 20. Qe2 Nc4 21. Nxa4 bxa4 22. Bc1 Qg6 23. e4 0-0 24. f4 Rfe8 25. Qd3 Qg4 26. exd5 exd5 27. Bxd5 Nb6 28. Bf3 Qe6 29. d5 Qe7 30. Bd2 Red8 31. Rbc1 Bc7 32. Be3 Qd7 33. Rfd1 Na8 34. Kg2 Bb6 35. Bc5 Nc7 36. h3 f5 37. d6 Nb5 38. Bd5+ Kh8 39. Bf3 Nxd6 40. Bxb6 Rxc1 41. Bxd8 Rxd1 42. Qxd1 Qxd8 43. Qxa4 Nc4 44. Qxa7 Qd2+ 45. Qf2 Ne3+ 46. Kg1 Qc1+ 47. Kh2 Nf1+ 48. Kh1 Nd2+ 49. Kg2 Nxf3 50. Qxf3 Qb2+ 51. Kh1 Qa1+ 52. Kh2 Qa2+ 53. Qg2 Qxa3 54. Qc2 g6 55. Qd2 Qa4 56. Qb2+ Kg8 57. b5 Qa7 58. b6 Qb7 59. Qd4 Qa8 60. Qc4+ Kg7 61. Qb3 Qb7 62. g4 Qe4 63. Qb2+ Kh6 64. g5+ Kh5 65. Qf2 Qc6 66. Kg3 Qc3+ 67. Qf3+ Qxf3+ 68. Kxf3 Kh4 69. b7 1-0

[Event "Brno op"]
[Site "Brno"]
[Date "2015.08.25"]
[Round "4"]
[White "Vyskocil, Neklan"]
[Black "Popper, Tomas"]
[Result "1-0"]
[WhiteElo "2376"]
[BlackElo "2034"]
[PlyCount "107"]
[EventDate "2015.08.23"]
[EventType "swiss"]
[EventRounds "9"]
[EventCountry "CZE"]
[SourceTitle "EXT 2016"]
[Source "ChessBase"]
[SourceDate "2015.10.08"]
[SourceVersion "1"]
[SourceVersionDate "2015.10.08"]
[SourceQuality "1"]

1. e4 e5 2. Nf3 Nf6 3. Nxe5 d6 4. Nf3 Nxe4 5. Nc3 Nxc3 6. dxc3 Be7 7. Bf4 Nc6 8. Qd2 Be6 9. 0-0-0 a6 10. Kb1 Qd7 11. h3 h6 12. Be2 0-0-0 13. Nd4 Nxd4 14. Qxd4 Bf6 15. Qb4 Qc6 16. Bf3 d5 17. Be2 Rhe8 18. Be3 Bd7 19. Bf3 Be6 20. Bd4 Be7 21. Qa5 Bf8 22. Rhe1 Qb5 23. Qxb5 axb5 24. b3 b4 25. cxb4 Bxb4 26. Re3 Bf8 27. Kb2 c5 28. Rc3 c4 29. Re3 b5 30. Rde1 Kd7 31. Re5 f6 32. Rxe6 Rxe6 33. Bg4 Rde8 34. a4 bxa4 35. bxa4 Bb4 36. c3 Ba5 37. h4 h5 38. Bf5 g6 39. Bxe6+ Rxe6 40. Rxe6 Kxe6 41. Kc2 g5 42. hxg5 fxg5 43. Kd2 Kf5 44. Ke3 Bc7 45. Bc5 Ke6 46. f3 Bf4+ 47. Ke2 Bc7 48. Bb4 Bb6 49. a5 Ba7 50. Ba3 g4 51. fxg4 hxg4 52. Bc1 Kf6 53. Be3 Bxe3 54. Kxe3 1-0

[Event "Brno op"]
[Site "Brno"]
[Date "2015.08.23"]
[Round "1"]
[White "Feldvabl, Vilem"]
[Black "Popper, Tomas"]
[Result "1/2-1/2"]
[WhiteElo "1628"]
[BlackElo "2034"]
[PlyCount "106"]
[EventDate "2015.08.23"]
[EventType "swiss"]
[EventRounds "9"]
[EventCountry "CZE"]
[SourceTitle "EXT 2016"]
[Source "ChessBase"]
[SourceDate "2015.10.08"]
[SourceVersion "1"]
[SourceVersionDate "2015.10.08"]
[SourceQuality "1"]

1. d4 Nf6 2. Nf3 b6 3. Bf4 Bb7 4. e3 e6 5. h3 d6 6. Nbd2 Nbd7 7. Be2 Be7 8. 0-0 0-0 9. c4 Re8 10. Qc2 Nf8 11. Rfe1 Ng6 12. Bg3 Bf8 13. Nh4 Nh5 14. Nxg6 Nxg3 15. Nxf8 Nxe2+ 16. Rxe2 Rxf8 17. f4 Qe7 18. Rae1 f5 19. b4 a5 20. b5 Rf6 21. Rf2 Rg6 22. Nf3 Rf8 23. Kh2 Be4 24. Qe2 h6 25. Rg1 Bb7 26. g3 Rgf6 27. Nh4 Kh7 28. Ng2 e5 29. d5 Bc8 30. Qc2 Kg8 31. h4 g6 32. Ne1 Re8 33. Nf3 Qg7 34. Re2 Rf7 35. Rge1 Rfe7 36. a3 Kf8 37. Qd2 Qf6 38. Qb2 Kf7 39. Kg2 Bd7 40. Kf2 Rg8 41. Rg1 Rh8 42. Rh1 Be8 43. Kf1 Rg8 44. Rg1 e4 45. Qxf6+ Kxf6 46. Nd4 Bd7 47. Reg2 Rh7 48. Rh2 Rhg7 49. Ne2 Be8 50. Kf2 Bf7 51. a4 Rh7 52. Rgh1 Rgh8 53. Nd4 Rg8 1/2-1/2

[Event "Brno op 5th"]
[Site "Brno"]
[Date "2014.11.22"]
[Round "9"]
[White "Popper, Tomas"]
[Black "Zeman, Radek"]
[Result "1/2-1/2"]
[WhiteElo "1961"]
[BlackElo "1893"]
[PlyCount "75"]
[EventDate "2014.11.15"]
[EventType "swiss"]
[EventRounds "9"]
[EventCountry "CZE"]
[SourceTitle "CBM 163 Extra"]
[Source "ChessBase"]
[SourceDate "2014.12.23"]
[SourceVersion "1"]
[SourceVersionDate "2014.12.23"]
[SourceQuality "1"]

1. Nf3 c5 2. b3 Nf6 3. Bb2 d5 4. e3 e6 5. Be2 Be7 6. 0-0 Nbd7 7. d4 0-0 8. Nbd2 b6 9. c4 Bb7 10. cxd5 Nxd5 11. Re1 cxd4 12. Nxd4 Nc5 13. Nc4 Rc8 14. Bf1 Ne4 15. Qg4 Ndf6 16. Qe2 Bb4 17. Rec1 Qe7 18. a3 Bc5 19. b4 Bxd4 20. Bxd4 Rfd8 21. Qb2 Ne8 22. f3 N4d6 23. Nxd6 Qxd6 24. a4 f6 25. a5 e5 26. Bc3 Kh8 27. f4 exf4 28. Bd4 fxe3 29. Bxe3 Rxc1 30. Rxc1 Nc7 31. axb6 axb6 32. Qd4 Qxd4 33. Bxd4 Nd5 34. b5 Rc8 35. Re1 Kg8 36. g3 Kf7 37. Bg2 Rc7 38. Bxd5+ 1/2-1/2

[Event "Brno op 5th"]
[Site "Brno"]
[Date "2014.11.17"]
[Round "3"]
[White "Simantsev, Mikhail"]
[Black "Popper, Tomas"]
[Result "1-0"]
[WhiteElo "2452"]
[BlackElo "1961"]
[PlyCount "53"]
[EventDate "2014.11.15"]
[EventType "swiss"]
[EventRounds "9"]
[EventCountry "CZE"]
[SourceTitle "CBM 163 Extra"]
[Source "ChessBase"]
[SourceDate "2014.12.23"]
[SourceVersion "1"]
[SourceVersionDate "2014.12.23"]
[SourceQuality "1"]

1. d4 Nf6 2. c4 c5 3. d5 b5 4. cxb5 a6 5. e3 e6 6. Nc3 exd5 7. Nxd5 Bb7 8. Nxf6+ Qxf6 9. Nf3 Be7 10. Be2 0-0 11. 0-0 d5 12. bxa6 Bc6 13. Rb1 Nxa6 14. Bd2 Bd6 15. Bc3 Qe7 16. Re1 Nc7 17. a3 Rfb8 18. Bf1 Nb5 19. Bd2 Nc7 20. g3 f6 21. Bg2 Qf7 22. Qc2 Ne6 23. Nd4 Nxd4 24. exd4 c4 25. b3 Rxb3 26. Rxb3 Ba4 27. Qf5 1-0

[Event "Brno Duras op-B"]
[Site "Brno"]
[Date "2014.07.02"]
[Round "5"]
[White "Popper, Tomas"]
[Black "Straka, Vojtech"]
[Result "1/2-1/2"]
[WhiteElo "1970"]
[BlackElo "1656"]
[PlyCount "87"]
[EventDate "2014.06.28"]
[EventType "swiss"]
[EventRounds "9"]
[EventCountry "CZE"]
[SourceTitle "EXT 2017"]
[Source "ChessBase"]
[SourceDate "2016.10.25"]
[SourceVersion "1"]
[SourceVersionDate "2016.10.25"]
[SourceQuality "1"]

1. b4 e5 2. a3 d5 3. Bb2 f6 4. e3 Ne7 5. c4 c6 6. Nf3 Be6 7. c5 b6 8. cxb6 Qxb6 9. Nc3 Ng6 10. Rc1 a5 11. Na4 Qb7 12. b5 cxb5 13. Nc5 Bxc5 14. Rxc5 b4 15. Rb5 Qe7 16. axb4 axb4 17. Qb3 0-0 18. Qxb4 Qxb4 19. Rxb4 Nd7 20. d3 Rfb8 21. Rxb8+ Rxb8 22. Bc1 Rb3 23. Nd2 Rb7 24. h4 Nc5 25. h5 Ne7 26. Ba3 Na6 27. Rh4 Nf5 28. Ra4 Nc7 29. g4 Nh6 30. Be2 Bd7 31. Ra5 Bxg4 32. Bxg4 Nxg4 33. Bd6 Nb5 34. Ra8+ Kf7 35. Bb4 Nc7 36. Rf8+ Ke6 37. Bc5 Nh6 38. Ke2 Kd7 39. Rh8 Ke6 40. e4 Kf7 41. Rf8+ Ke6 42. exd5+ Nxd5 43. Nc4 Nf5 44. Re8+ 1/2-1/2

[Event "Brno Duras op-B"]
[Site "Brno"]
[Date "2014.07.01"]
[Round "4"]
[White "Vemola, Stepan"]
[Black "Popper, Tomas"]
[Result "0-1"]
[WhiteElo "1378"]
[BlackElo "1970"]
[PlyCount "54"]
[EventDate "2014.06.28"]
[EventType "swiss"]
[EventRounds "9"]
[EventCountry "CZE"]
[SourceTitle "EXT 2017"]
[Source "ChessBase"]
[SourceDate "2016.10.25"]
[SourceVersion "1"]
[SourceVersionDate "2016.10.25"]
[SourceQuality "1"]

1. e4 e5 2. Nf3 d6 3. Nc3 Nf6 4. d3 c6 5. Be2 Be7 6. Be3 0-0 7. 0-0 Re8 8. Qd2 Ng4 9. h3 Nxe3 10. Qxe3 Nd7 11. Rad1 Qc7 12. d4 Nf8 13. dxe5 dxe5 14. Rd2 Ng6 15. Rfd1 h6 16. Bc4 b6 17. a3 Bc5 18. Qe1 b5 19. Ba2 a5 20. a4 b4 21. Ne2 Qe7 22. Rd3 Qf6 23. Qd2 Kh7 24. Rd8 Bxh3 25. Rxe8 Rxe8 26. gxh3 Qxf3 27. Ng3 Qxg3+ 0-1

[Event "CZE-chT rap"]
[Site "Pardubice"]
[Date "2012.07.13"]
[Round "3.3"]
[White "Krapivin, Vladislav"]
[Black "Popper, Tomas"]
[Result "1-0"]
[WhiteElo "2366"]
[BlackElo "1984"]
[PlyCount "49"]
[EventDate "2012.07.12"]
[EventType "team-swiss"]
[EventRounds "7"]
[EventCountry "CZE"]
[SourceTitle "EXT 2013"]
[Source "ChessBase"]
[SourceDate "2012.11.22"]
[SourceVersion "1"]
[SourceVersionDate "2012.11.22"]
[SourceQuality "1"]

1. e4 e5 2. Nc3 d6 3. Nf3 Nf6 4. d4 exd4 5. Nxd4 c6 6. Bf4 Be7 7. Qd2 b5 8. f3 0-0 9. g4 Ne8 10. 0-0-0 a5 11. Nf5 Bxf5 12. gxf5 Nd7 13. Rg1 Ne5 14. Bxe5 dxe5 15. Qh6 Qc7 16. Bxb5 Kh8 17. Qxc6 Qxc6 18. Bxc6 Rc8 19. Bd7 Rb8 20. Bxe8 Rfxe8 21. Rd7 h6 22. Nd5 Bg5+ 23. Kb1 Rf8 24. Rd1 Kh7 25. Rd3 1-0

[Event "Prague op-B 10th"]
[Site "Prague"]
[Date "2011.01.13"]
[Round "8"]
[White "Luzikova, Nicola"]
[Black "Popper, Tomas"]
[Result "1-0"]
[WhiteElo "1776"]
[BlackElo "1954"]
[PlyCount "73"]
[EventDate "2011.01.07"]
[EventType "swiss"]
[EventRounds "9"]
[EventCountry "CZE"]
[SourceTitle "CBM 140 Extra"]
[Source "ChessBase"]
[SourceDate "2011.03.01"]
[SourceVersion "1"]
[SourceVersionDate "2011.03.01"]
[SourceQuality "1"]

1. d4 Nf6 2. c4 b6 3. Nc3 Bb7 4. Nf3 d6 5. e3 g6 6. Bd3 Bg7 7. 0-0 0-0 8. Qe2 Nbd7 9. Rb1 Re8 10. e4 e5 11. d5 a6 12. b4 Nh5 13. Be3 Nf4 14. Qd2 Nxd3 15. Qxd3 Bc8 16. h3 h6 17. Rfc1 Nf8 18. c5 f5 19. cxd6 cxd6 20. exf5 gxf5 21. Qe2 Bd7 22. b5 f4 23. Bd2 e4 24. Nxe4 Bf5 25. Rb4 axb5 26. Bxf4 Ra4 27. Rxa4 bxa4 28. Nfd2 Ng6 29. Bxd6 Bxe4 30. Nxe4 Qxd6 31. Nf6+ Qxf6 32. Qxe8+ Nf8 33. Qxa4 Qb2 34. Rd1 b5 35. Qg4 Qxa2 36. d6 Qe6 37. d7 1-0

[Event "CZE-chT2b 0607"]
[Site "Czech Republic"]
[Date "2007.03.11"]
[Round "9"]
[White "Popper, Tomas"]
[Black "Krejcik, Jiri"]
[Result "0-1"]
[WhiteElo "2025"]
[BlackElo "2117"]
[PlyCount "34"]
[EventDate "2006.10.15"]
[EventType "team"]
[EventRounds "11"]
[EventCountry "CZE"]
[SourceTitle "EXT 2009"]
[Source "ChessBase"]
[SourceDate "2008.11.26"]
[SourceVersion "1"]
[SourceVersionDate "2008.11.26"]
[SourceQuality "1"]

1. Nf3 d5 2. d4 e6 3. g3 f5 4. Bg2 Nf6 5. 0-0 Bd6 6. b3 0-0 7. Bb2 Bd7 8. c4 c6 9. Nbd2 Be8 10. h3 Nbd7 11. e3 Bh5 12. Qe1 Ne4 13. Ne5 Nxe5 14. dxe5 Bb4 15. Bxe4 dxe4 16. Bc1 Bc3 17. Rb1 Qd3 0-1